<?xml version="1.0" encoding="UTF-8"?>
<record
    xmlns:xsi="http://www.w3.org/2001/XMLSchema-instance"
    xsi:schemaLocation="http://www.loc.gov/MARC21/slim http://www.loc.gov/standards/marcxml/schema/MARC21slim.xsd"
    xmlns="http://www.loc.gov/MARC21/slim">

  <leader>01793nam a2200229 a 4500</leader>
  <controlfield tag="001">000047853</controlfield>
  <controlfield tag="003">OSt</controlfield>
  <controlfield tag="005">20201215093524.0</controlfield>
  <controlfield tag="008">180830s2012  dr a          000   spa d</controlfield>
  <datafield tag="040" ind1=" " ind2=" ">
    <subfield code="a">DO-SdBNP</subfield>
    <subfield code="b">spa</subfield>
    <subfield code="c">BNPHU</subfield>
  </datafield>
  <datafield tag="100" ind1="1" ind2=" ">
    <subfield code="a">Lara, Evelyn Soraya</subfield>
    <subfield code="9">11337</subfield>
  </datafield>
  <datafield tag="245" ind1=" " ind2="0">
    <subfield code="a">Gan&#xE9;mosle al maltrato en la tarea de crianza /</subfield>
    <subfield code="c">Evelyn Soraya Lara, Sarai Ogando, Evelin Gonz&#xE1;lez.</subfield>
  </datafield>
  <datafield tag="260" ind1=" " ind2=" ">
    <subfield code="a">Santo Domingo :</subfield>
    <subfield code="b">PACAM : Nacional, </subfield>
    <subfield code="c">2012.</subfield>
  </datafield>
  <datafield tag="300" ind1=" " ind2=" ">
    <subfield code="a">40 p. :</subfield>
    <subfield code="b">il ;</subfield>
    <subfield code="c">23 cm.</subfield>
  </datafield>
  <datafield tag="504" ind1=" " ind2=" ">
    <subfield code="a">Bibliograf&#xED;a : p. 40</subfield>
  </datafield>
  <datafield tag="505" ind1="0" ind2=" ">
    <subfield code="t"> Padres y madre maltratantes --
</subfield>
    <subfield code="t">Malos tratos --</subfield>
    <subfield code="t"> Consecuencias de los malos tratos --
</subfield>
    <subfield code="t"> &#x2026;Ahora gan&#xE9;mosle a los malos tratos --</subfield>
    <subfield code="t">Buenos tratos --
</subfield>
    <subfield code="t">Padre o madre bientratantes --</subfield>
    <subfield code="t">Desarrolla tus destrezas parentales --
</subfield>
    <subfield code="t">Habilidades de la madre o padre bientratantes frente a hijos --</subfield>
    <subfield code="t">Padres y madres bientratantes de hoy --
</subfield>
    <subfield code="t">Resultados de los buenos tratos --</subfield>
    <subfield code="t"> &#xBF;Qu&#xE9; tipo de madre o padre eres? --
</subfield>
    <subfield code="t">Los padres y madres autoritarios hacen y dicen --</subfield>
    <subfield code="t">Comportamientos de los hijos e hijas de padres y madres autoritarios --</subfield>
    <subfield code="t">Los padres y las madres permisivos hacen y dicen</subfield>
    <subfield code="t">Comportamientos de los hijos e hijas de los padres y madres sobreprotectores --</subfield>
    <subfield code="t">Los padres y las madres democr&#xE1;ticos hacen y dicen --</subfield>
    <subfield code="t">Comportamientos de los hijos/as de los padres/ madres democr&#xE1;ticos o bientratantes --
</subfield>
    <subfield code="t">&#xA1;Practica los buenos tratos! --</subfield>
    <subfield code="t">Alerta: &#xA1;Esto tambi&#xE9;n es maltrato! --</subfield>
    <subfield code="t"> Leyes y acuerdos internacionales que proteger a ni&#xF1;os, ni&#xF1;as y adolescentes --</subfield>
    <subfield code="t">Instituciones donde puedes buscar ayuda --</subfield>
    <subfield code="t">Bibliograf&#xED;a.</subfield>
  </datafield>
  <datafield tag="590" ind1=" " ind2=" ">
    <subfield code="a">Inventariado,2018/DG</subfield>
  </datafield>
  <datafield tag="700" ind1=" " ind2=" ">
    <subfield code="a">Ogando, Sarai</subfield>
    <subfield code="9">63931</subfield>
  </datafield>
  <datafield tag="700" ind1=" " ind2=" ">
    <subfield code="a">Gonz&#xE1;lez, Evelin</subfield>
    <subfield code="9">63930</subfield>
  </datafield>
  <datafield tag="710" ind1="2" ind2=" ">
    <subfield code="a">Patronato de Ayuda a Casos de Mujeres Maltratadas, Rep&#xFA;blica Dominicana</subfield>
    <subfield code="9">63934</subfield>
  </datafield>
  <datafield tag="942" ind1=" " ind2=" ">
    <subfield code="2">ddc</subfield>
    <subfield code="c">LBS1</subfield>
  </datafield>
  <datafield tag="952" ind1=" " ind2=" ">
    <subfield code="0">0</subfield>
    <subfield code="1">0</subfield>
    <subfield code="2">ddc</subfield>
    <subfield code="5">1</subfield>
    <subfield code="7">1</subfield>
    <subfield code="8">MO</subfield>
    <subfield code="a">BNPHU</subfield>
    <subfield code="b">PD</subfield>
    <subfield code="c">HD</subfield>
    <subfield code="d">2018-08-30</subfield>
    <subfield code="i">LF1</subfield>
    <subfield code="l">0</subfield>
    <subfield code="p">47853-10</subfield>
    <subfield code="r">2020-06-25</subfield>
    <subfield code="w">2020-06-25</subfield>
    <subfield code="y">LBS1</subfield>
  </datafield>
  <datafield tag="952" ind1=" " ind2=" ">
    <subfield code="0">0</subfield>
    <subfield code="1">0</subfield>
    <subfield code="2">ddc</subfield>
    <subfield code="5">1</subfield>
    <subfield code="7">2</subfield>
    <subfield code="8">MO</subfield>
    <subfield code="a">BNPHU</subfield>
    <subfield code="b">PD</subfield>
    <subfield code="c">HD</subfield>
    <subfield code="d">2020-12-15</subfield>
    <subfield code="l">0</subfield>
    <subfield code="p">2020-0744</subfield>
    <subfield code="r">2020-12-15</subfield>
    <subfield code="t">e. 2</subfield>
    <subfield code="w">2020-12-15</subfield>
    <subfield code="y">LBS1</subfield>
  </datafield>
  <datafield tag="952" ind1=" " ind2=" ">
    <subfield code="0">0</subfield>
    <subfield code="1">0</subfield>
    <subfield code="2">ddc</subfield>
    <subfield code="5">6</subfield>
    <subfield code="7">0</subfield>
    <subfield code="8">MO</subfield>
    <subfield code="a">BNPHU</subfield>
    <subfield code="b">GR</subfield>
    <subfield code="c">HD</subfield>
    <subfield code="d">2020-12-15</subfield>
    <subfield code="l">0</subfield>
    <subfield code="p">2020-0745</subfield>
    <subfield code="r">2020-12-15</subfield>
    <subfield code="t">e. 3</subfield>
    <subfield code="w">2020-12-15</subfield>
    <subfield code="y">LBS1</subfield>
  </datafield>
  <datafield tag="999" ind1=" " ind2=" ">
    <subfield code="c">47341</subfield>
    <subfield code="d">47341</subfield>
  </datafield>
</record>
